[Event "Znojmo Rotunda op-A"]
[Site "Znojmo"]
[Date "2023.08.23"]
[Round "5"]
[White "Husek, Martin"]
[Black "Mirzoev, Azer"]
[Result "0-1"]
[WhiteElo "2197"]
[BlackElo "2417"]
[PlyCount "130"]
[EventDate "2023.08.19"]
[EventType "swiss"]
[EventRounds "9"]
[EventCountry "CZE"]
[SourceTitle "EXT 2024"]
[Source "ChessBase"]
[SourceDate "2023.10.10"]
[SourceVersion "1"]
[SourceVersionDate "2023.10.10"]
[SourceQuality "1"]

1. c4 e6 2. Nc3 d5 3. d4 Be7 4. cxd5 exd5 5. Bf4 c6 6. Qc2 Na6 7. a3 Nf6 8. e3 Nc7 9. Bd3 Ne6 10. Be5 g6 11. Nge2 Ng7 12. f3 0-0 13. 0-0 Re8 14. Rad1 Be6 15. e4 Rc8 16. Kh1 Bf8 17. Bf4 Nd7 18. Bc1 a6 19. Nf4 b5 20. Qf2 Nb6 21. Nxe6 Nxe6 22. f4 dxe4 23. Bxe4 f5 24. d5 cxd5 25. Nxd5 Bc5 26. Ne3 Qc7 27. Bb1 Nc4 28. b4 Bxe3 29. Bxe3 Nxa3 30. Bb6 Qf7 31. Bd3 Nc4 32. Ra1 Qb7 33. Be3 Nxe3 34. Qxe3 Nc5 35. Qd2 Nxd3 36. Qxd3 Re6 37. h3 h5 38. Rfd1 Rce8 39. Kh2 Qc7 40. Qf3 Qe7 41. Qd5 Kg7 42. Rd4 Kh6 43. Rad1 Qf6 44. Qf3 Re3 45. Qf2 Re2 46. Qf3 Qh4 47. R1d3 Qf2 48. Qg3 Qxg3+ 49. Kxg3 h4+ 50. Kxh4 Rxg2 51. Rg3 Rf2 52. Rgd3 Re4 53. Rxe4 fxe4 54. Rd6 Rxf4+ 55. Kg3 Rf3+ 56. Kg4 Rb3 57. Rxa6 Rxb4 58. Re6 e3+ 59. Kf3 Rb3 60. Kg4 Rc3 61. Rb6 e2 62. Re6 Rc2 63. Kf3 b4 64. Kf2 b3 65. Rb6 b2 0-1

[Event "Znojmo Rotunda op-A"]
[Site "Znojmo"]
[Date "2023.08.22"]
[Round "4"]
[White "Husek, Martin"]
[Black "Vyskocil, Neklan"]
[Result "1-0"]
[WhiteElo "2197"]
[BlackElo "2307"]
[PlyCount "63"]
[EventDate "2023.08.19"]
[EventType "swiss"]
[EventRounds "9"]
[EventCountry "CZE"]
[SourceTitle "EXT 2024"]
[Source "ChessBase"]
[SourceDate "2023.10.10"]
[SourceVersion "1"]
[SourceVersionDate "2023.10.10"]
[SourceQuality "1"]

1. d4 Nf6 2. c4 e6 3. Nc3 d5 4. cxd5 Nxd5 5. e4 Nxc3 6. bxc3 c5 7. Rb1 Be7 8. Nf3 0-0 9. Bd3 b6 10. d5 exd5 11. exd5 Bf6 12. Qc2 Re8+ 13. Be3 Qxd5 14. Bxh7+ Kh8 15. 0-0 Nc6 16. Rbd1 Qc4 17. Bd3 Qg4 18. h3 Qh5 19. Be4 Bb7 20. Rd7 Nb4 21. cxb4 Bxe4 22. Qc4 Bxf3 23. gxf3 Qxh3 24. Qxf7 Re5 25. Rd5 Qxf3 26. Rxe5 Qg4+ 27. Kh2 Bxe5+ 28. f4 Qe2+ 29. Rf2 Qxe3 30. fxe5 Qxe5+ 31. Kg1 Qg3+ 32. Kh1 1-0

[Event "Stare Mesto op"]
[Site "Stare Mesto"]
[Date "2022.08.15"]
[Round "4"]
[White "Husek, Martin"]
[Black "Babula, Vlastimil1111"]
[Result "1/2-1/2"]
[WhiteElo "2192"]
[BlackElo "2245"]
[PlyCount "52"]
[EventDate "2022.08.12"]
[EventType "swiss"]
[EventRounds "9"]
[EventCountry "CZE"]
[SourceTitle "CBM 209 Extra"]
[Source "ChessBase"]
[SourceDate "2022.09.30"]
[SourceVersion "1"]
[SourceVersionDate "2022.09.30"]
[SourceQuality "1"]

1. d4 d5 2. c4 c6 3. Nc3 Nf6 4. cxd5 cxd5 5. Bf4 Nc6 6. e3 a6 7. Bd3 Bg4 8. Nge2 e6 9. 0-0 Be7 10. Bg3 Bh5 11. f3 Bg6 12. Bxg6 hxg6 13. e4 dxe4 14. fxe4 Ng4 15. Qd2 e5 16. Nd5 Nxd4 17. Nxd4 Bc5 18. Bxe5 Nxe5 19. Rac1 Rc8 20. h3 Ba7 21. Kh1 Qd7 22. Rxc8+ Qxc8 23. Rc1 Qd7 24. Rc7 Rxh3+ 25. gxh3 Qxh3+ 26. Qh2 Qf1+ 1/2-1/2

[Event "Pardubice Czech op-E 33rd"]
[Site "Pardubice"]
[Date "2022.07.17"]
[Round "6.4"]
[White "Gnojek, Petr"]
[Black "Husek, Martin"]
[Result "0-1"]
[WhiteElo "2295"]
[BlackElo "2132"]
[PlyCount "154"]
[EventDate "2022.07.14"]
[EventType "team-swiss"]
[EventRounds "7"]
[EventCountry "CZE"]
[SourceTitle "CBM 209 Extra"]
[Source "ChessBase"]
[SourceDate "2022.09.30"]
[SourceVersion "1"]
[SourceVersionDate "2022.09.30"]
[SourceQuality "1"]
[WhiteTeam "Beskydy Chess School J"]
[BlackTeam "Orlova Slavia II"]
[WhiteTeamCountry "CZE"]
[BlackTeamCountry "CZE"]

1. d4 Nf6 2. c4 e6 3. Nc3 Bb4 4. Qc2 0-0 5. a3 Bxc3+ 6. Qxc3 d6 7. Bg5 Nbd7 8. e3 b6 9. Bd3 Bb7 10. f3 h6 11. Bh4 e5 12. Ne2 e4 13. fxe4 Qe8 14. e5 dxe5 15. d5 c6 16. dxc6 Bxc6 17. 0-0 Ne4 18. Bxe4 Bxe4 19. Ng3 Bh7 20. Nf5 Bxf5 21. Rxf5 Qe6 22. e4 Rac8 23. b3 b5 24. Rc1 f6 25. Bf2 bxc4 26. bxc4 Rc6 27. Rf3 Rfc8 28. Qb3 Nb6 29. c5 Qxb3 30. Rxb3 Nd7 31. Kf1 Nf8 32. g3 Ne6 33. Ke2 Nxc5 34. Rb4 a5 35. Bxc5 axb4 36. axb4 Rd6 37. Ra1 Rd7 38. Ra6 Kf7 39. Ra3 Rcd8 40. b5 Rd2+ 41. Ke3 Rb2 42. b6 Rc8 43. Ra5 Rb3+ 44. Kd2 Ke6 45. g4 Kd7 46. Ra7+ Kc6 47. Be3 Rd8+ 48. Ke2 Rb2+ 49. Kf3 Rd3 50. Rc7+ Kd6 51. Rc8 Kd7 52. Rc7+ Kd8 53. Rxg7 Rbb3 54. Kf2 Rxe3 55. Rg8+ Kd7 56. b7 Rxe4 57. b8Q Rxb8 58. Rxb8 Rxg4 59. Rh8 Rg6 60. h4 f5 61. h5 Rd6 62. Rh7+ Kc6 63. Rf7 f4 64. Kf3 Kd5 65. Kg4 Ke4 66. Rg7 f3 67. Rf7 Rd1 68. Rxf3 Rg1+ 69. Rg3 Rxg3+ 70. Kxg3 Ke3 71. Kg4 e4 72. Kf5 Kf3 73. Kg6 e3 74. Kxh6 e2 75. Kg7 e1Q 76. h6 Qe7+ 77. Kg8 Qg5+ 0-1

[Event "Pardubice Czech op-E 33rd"]
[Site "Pardubice"]
[Date "2022.07.16"]
[Round "5.3"]
[White "Simet, Martin"]
[Black "Husek, Martin"]
[Result "0-1"]
[WhiteElo "2155"]
[BlackElo "2132"]
[PlyCount "74"]
[EventDate "2022.07.14"]
[EventType "team-swiss"]
[EventRounds "7"]
[EventCountry "CZE"]
[SourceTitle "CBM 209 Extra"]
[Source "ChessBase"]
[SourceDate "2022.09.30"]
[SourceVersion "1"]
[SourceVersionDate "2022.09.30"]
[SourceQuality "1"]
[WhiteTeam "Rad Svate Marie"]
[BlackTeam "Orlova Slavia II"]
[WhiteTeamCountry "CZE"]
[BlackTeamCountry "CZE"]

1. b3 e5 2. Bb2 Nc6 3. e3 Nf6 4. Bb5 Bd6 5. Na3 Na5 6. Be2 a6 7. c4 Be7 8. Nc2 Nc6 9. d4 exd4 10. exd4 d5 11. Nf3 0-0 12. 0-0 Be6 13. Ne3 h6 14. Rc1 Qe8 15. Qc2 Rd8 16. Rfe1 Nb8 17. Nf5 Bb4 18. Bd3 Bxe1 19. Rxe1 Nc6 20. Ba3 Qd7 21. Ne5 Nxe5 22. dxe5 dxc4 23. Ne7+ Kh8 24. exf6 Qxd3 25. Qc1 c3 26. Bb4 c2 27. Qb2 g6 28. h4 h5 29. Qc1 Kh7 30. Qg5 Qd1 31. Kh2 Qg4 32. Qc5 b6 33. Qc3 Qf4+ 34. Kg1 c5 35. Ba3 Qd2 36. Qa1 Qxe1+ 37. Qxe1 Rd1 0-1

[Event "CZE-chT1E 2122"]
[Site "Czech Republic"]
[Date "2022.02.20"]
[Round "9.3"]
[White "Roubalik, Jakub"]
[Black "Husek, Martin"]
[Result "0-1"]
[WhiteElo "2391"]
[BlackElo "2181"]
[PlyCount "100"]
[EventDate "2021.10.09"]
[EventType "team-tourn"]
[EventRounds "11"]
[EventCountry "CZE"]
[SourceTitle "EXT 2023"]
[Source "ChessBase"]
[SourceDate "2022.10.05"]
[SourceVersion "1"]
[SourceVersionDate "2022.10.05"]
[SourceQuality "1"]
[WhiteTeam "Hostalkova"]
[BlackTeam "Stare Mesto"]
[WhiteTeamCountry "CZE"]
[BlackTeamCountry "CZE"]

1. d4 Nf6 2. c4 e6 3. Nc3 Bb4 4. e3 0-0 5. Bd3 c5 6. Nf3 Nc6 7. 0-0 Bxc3 8. bxc3 d6 9. e4 e5 10. d5 Ne7 11. Ne1 Ng6 12. g3 Qd7 13. f3 h5 14. Ng2 Qh3 15. Ne3 Nh7 16. Nf5 Bxf5 17. exf5 Ne7 18. Qc2 Kh8 19. Rb1 b6 20. a4 g6 21. fxg6 fxg6 22. f4 Nf5 23. Qg2 Qxg2+ 24. Kxg2 Kg7 25. Bd2 Nf6 26. Rbe1 Nd7 27. h3 h4 28. gxh4 Nxh4+ 29. Kg3 Nf5+ 30. Kh2 Rf7 31. Re2 Raf8 32. Rg2 exf4 33. Bxf4 Ne7 34. Bxd6 Rxf1 35. Bxf1 Rxf1 36. Bxe7 Ne5 37. Re2 Nxc4 38. Re4 Nd2 39. Re6 Kf7 40. Bh4 Rf4 41. Re7+ Kf8 42. Rh7 Rf7 43. Rh8+ Kg7 44. Rd8 Nf3+ 45. Kg3 g5 46. Bxg5 Nxg5 47. Kg4 Ne4 48. c4 Nd2 49. Kg5 Nxc4 50. h4 Ne3 0-1

[Event "CZE-chT1E 2122"]
[Site "Czech Republic"]
[Date "2022.01.22"]
[Round "6.2"]
[White "Husek, Martin"]
[Black "Chytilek, Roman"]
[Result "0-1"]
[WhiteElo "2181"]
[BlackElo "2321"]
[PlyCount "72"]
[EventDate "2021.10.09"]
[EventType "team-tourn"]
[EventRounds "11"]
[EventCountry "CZE"]
[SourceTitle "EXT 2023"]
[Source "ChessBase"]
[SourceDate "2022.10.05"]
[SourceVersion "1"]
[SourceVersionDate "2022.10.05"]
[SourceQuality "1"]
[WhiteTeam "Stare Mesto"]
[BlackTeam "Trinec"]
[WhiteTeamCountry "CZE"]
[BlackTeamCountry "CZE"]

1. e4 e6 2. d4 d5 3. Nd2 c5 4. Ngf3 Nc6 5. exd5 Qxd5 6. Bc4 Qd7 7. Ne5 Qxd4 8. Nxc6 bxc6 9. Qe2 Nf6 10. Nb3 Qd8 11. Be3 Be7 12. a4 Nd5 13. Bxd5 Qxd5 14. 0-0 0-0 15. Rfe1 Rb8 16. Bf4 Rb4 17. Be5 Bf6 18. Bxf6 gxf6 19. Red1 Qg5 20. Nd2 Qg6 21. Ra3 Qxc2 22. Rc3 Qf5 23. Rg3+ Kh8 24. Nc4 e5 25. Nd6 Qe6 26. Qh5 Rg4 27. Qh6 Kg8 28. Rh3 Rg7 29. Rf3 Rg6 30. Qe3 Rd8 31. Qxc5 Qg4 32. Kf1 Qxg2+ 33. Ke2 Bg4 34. Rdd3 e4 35. Nxe4 Rxd3 36. Nxf6+ Rxf6 0-1

[Event "CZE-chT1E 2122"]
[Site "Czech Republic"]
[Date "2021.11.27"]
[Round "3.4"]
[White "Husek, Martin"]
[Black "Vanek, Ladislav"]
[Result "0-1"]
[WhiteElo "2181"]
[BlackElo "2229"]
[PlyCount "66"]
[EventDate "2021.10.09"]
[EventType "team-tourn"]
[EventRounds "11"]
[EventCountry "CZE"]
[SourceTitle "EXT 2023"]
[Source "ChessBase"]
[SourceDate "2022.10.05"]
[SourceVersion "1"]
[SourceVersionDate "2022.10.05"]
[SourceQuality "1"]
[WhiteTeam "Stare Mesto"]
[BlackTeam "Grygov Proclient"]
[WhiteTeamCountry "CZE"]
[BlackTeamCountry "CZE"]

1. d4 d5 2. c4 c6 3. Nc3 Nf6 4. cxd5 cxd5 5. Bf4 Nc6 6. e3 a6 7. Bd3 g6 8. Nf3 Bg7 9. h3 0-0 10. Rc1 Bf5 11. Bxf5 gxf5 12. g4 Qd7 13. Nh4 fxg4 14. hxg4 Nxg4 15. Rg1 f5 16. Nxf5 Qxf5 17. Rxg4 e6 18. Rg5 Qh3 19. Rh5 Qg2 20. Qc2 h6 21. Rh2 Qg4 22. Bg3 Rf5 23. Qe2 Qg6 24. Kd2 Bxd4 25. Rg1 Kh7 26. exd4 Nxd4 27. Qd1 Nf3+ 28. Kc1 Nxg1 29. Qxg1 d4 30. Ne2 Rc5+ 31. Kd1 Qb1+ 32. Kd2 Rc2+ 33. Kd3 Rc1+ 0-1

[Event "CZE-chT2E 2122"]
[Site "Czech Republic"]
[Date "2021.10.17"]
[Round "1.1"]
[White "Mudrak, Josef"]
[Black "Husek, Martin"]
[Result "0-1"]
[WhiteElo "2224"]
[BlackElo "2181"]
[PlyCount "52"]
[EventDate "2021.10.17"]
[EventType "team-tourn"]
[EventRounds "11"]
[EventCountry "CZE"]
[SourceTitle "EXT 2024"]
[Source "ChessBase"]
[SourceDate "2023.10.10"]
[SourceVersion "1"]
[SourceVersionDate "2023.10.10"]
[SourceQuality "1"]
[WhiteTeam "Kromeriz Slavia II"]
[BlackTeam "Stare Mesto II"]
[WhiteTeamCountry "CZE"]
[BlackTeamCountry "CZE"]

1. d4 Nf6 2. Nf3 e6 3. Bf4 d5 4. Nbd2 c5 5. e3 Nc6 6. c3 cxd4 7. exd4 Nh5 8. Be3 Bd6 9. Ne5 g6 10. Bb5 0-0 11. Ndf3 f6 12. Nd3 Qc7 13. Qd2 e5 14. dxe5 fxe5 15. Nc5 d4 16. Ne4 Bg4 17. Nxd6 Qxd6 18. cxd4 Bxf3 19. gxf3 Nxd4 20. Be2 Rac8 21. Bxd4 exd4 22. Rd1 Nf4 23. Qxd4 Qxd4 24. Rxd4 Rfe8 25. Re4 Rc1+ 26. Kd2 Rxe4 0-1

[Event "CZE-chT1E 2122"]
[Site "Czech Republic"]
[Date "2021.10.09"]
[Round "1.4"]
[White "Husek, Martin"]
[Black "Tomaszewski, Kacper"]
[Result "0-1"]
[WhiteElo "2181"]
[BlackElo "2308"]
[PlyCount "90"]
[EventDate "2021.10.09"]
[EventType "team-tourn"]
[EventRounds "11"]
[EventCountry "CZE"]
[SourceTitle "EXT 2023"]
[Source "ChessBase"]
[SourceDate "2022.10.05"]
[SourceVersion "1"]
[SourceVersionDate "2022.10.05"]
[SourceQuality "1"]
[WhiteTeam "Stare Mesto"]
[BlackTeam "Orlova Slavia"]
[WhiteTeamCountry "CZE"]
[BlackTeamCountry "CZE"]

1. d4 Nf6 2. c4 g6 3. Nc3 d5 4. Bg5 c5 5. Bxf6 exf6 6. cxd5 Qb6 7. Nf3 Qxb2 8. Qc1 Qxc1+ 9. Rxc1 Bg4 10. Ne4 Bxf3 11. exf3 cxd4 12. Rc7 f5 13. Nf6+ Kd8 14. Rxf7 Be7 15. g4 Bxf6 16. Rxf6 Re8+ 17. Kd2 Nd7 18. Rf7 Ne5 19. Rxb7 Nxf3+ 20. Kd3 Rc8 21. Rb3 Re1 22. Bg2 Ne5+ 23. Kd2 Rxh1 24. Bxh1 Nxg4 25. Bf3 Nxh2 26. Be2 Ng4 27. Bxg4 fxg4 28. Rb4 Kd7 29. Ra4 Kd6 30. Rxa7 Kxd5 31. Rxh7 Ra8 32. Rh4 Rxa2+ 33. Ke1 Kc4 34. Rxg4 Kc3 35. Rxg6 Ra1+ 36. Ke2 d3+ 37. Ke3 Re1+ 38. Kf4 d2 39. Rc6+ Kb4 40. Rd6 d1Q 41. Rxd1 Rxd1 42. Kg5 Kc5 43. f4 Kd6 44. Kf6 Kd7 45. f5 Ke8 0-1

[Event "Pardubice Czech op-A 32nd"]
[Site "Pardubice"]
[Date "2021.07.24"]
[Round "2"]
[White "Husek, Martin"]
[Black "Dann, Matthias"]
[Result "0-1"]
[WhiteElo "2241"]
[BlackElo "2508"]
[PlyCount "76"]
[EventDate "2021.07.23"]
[EventType "swiss"]
[EventRounds "9"]
[EventCountry "CZE"]
[SourceTitle "CBM 203 Extra"]
[Source "ChessBase"]
[SourceDate "2021.09.30"]
[SourceVersion "1"]
[SourceVersionDate "2021.09.30"]
[SourceQuality "1"]

1. d4 Nf6 2. c4 g6 3. Nc3 Bg7 4. e4 0-0 5. Nf3 c6 6. h3 d5 7. e5 Ne4 8. Bd3 Nxc3 9. bxc3 dxc4 10. Bxc4 c5 11. 0-0 cxd4 12. cxd4 Nc6 13. a4 Bf5 14. Re1 Rc8 15. g4 Na5 16. gxf5 Nxc4 17. e6 fxe6 18. fxg6 hxg6 19. Rxe6 Qd5 20. Ng5 Rc6 21. Re4 Rf5 22. Rg4 Rd6 23. Rb1 Bxd4 24. Ne4 Bxf2+ 25. Nxf2 Qxd1+ 26. Nxd1 Rxd1+ 27. Kh2 Ne5 28. Rgb4 Nd3 29. Be3 Rxb1 30. Rxb1 b6 31. Rd1 Rd5 32. Kg1 Kf7 33. Kf1 e5 34. Rd2 Ke6 35. Rc2 Ra5 36. Ra2 Nc5 37. Bxc5 Rxc5 38. Rg2 Rc1+ 0-1

[Event "SVK-chT2A 1920"]
[Site "Slovakia"]
[Date "2020.03.08"]
[Round "11.2"]
[White "Privara, Igor"]
[Black "Husek, Martin"]
[Result "0-1"]
[WhiteElo "2165"]
[BlackElo "2207"]
[PlyCount "62"]
[EventDate "2019.10.26"]
[EventType "team-tourn"]
[EventRounds "11"]
[EventCountry "SVK"]
[SourceTitle "CBM 195 Extra"]
[Source "ChessBase"]
[SourceDate "2020.05.31"]
[SourceVersion "1"]
[SourceVersionDate "2020.05.31"]
[SourceQuality "1"]
[WhiteTeam "Bratislava Slovan V"]
[BlackTeam "Skalica"]
[WhiteTeamCountry "SVK"]
[BlackTeamCountry "SVK"]

1. e4 c5 2. c3 Nf6 3. e5 Nd5 4. Nf3 e6 5. Bc4 d6 6. d4 Nb6 7. Bd3 dxe5 8. Bg5 Qc7 9. dxe5 Nc6 10. Qe2 h6 11. Bh4 g5 12. Bg3 Bg7 13. h3 h5 14. Na3 a6 15. 0-0-0 Bd7 16. Rhe1 0-0-0 17. Nxg5 h4 18. Bh2 Bh6 19. f4 Rdf8 20. Ne4 Nxe5 21. Bxa6 Nd5 22. Kb1 f5 23. fxe5 fxe4 24. Bb5 e3 25. Nc2 Rf2 26. Bxd7+ Qxd7 27. Qg4 Rd8 28. Bg1 e2 29. Rc1 Rf5 30. Qxe2 Bxc1 31. Kxc1 Nf4 0-1